On This Day: January 18th Quiz Stats

 Plays Quiz Updated Jan 18, 2018

Score 0/7 Timer 03:00
0 Plays Today
Question Answer Wrong Answers
This well-known American actor, who played Lt. John J. Dunbar in ‘Dances with Wolves’, is born.
1955
Kevin Costner
91%
Alec Baldwin
1.7%
Bruce Willis
2.5%
Richard Gere
3.1%
Kaiser Wilhelm I and this statesman declare the Second German Empire.
1871
Otto von Bismarck
90.8%
Konrad Adenauer
2.6%
Klemens von Metternich
2.8%
Johann Wolfgang von Goethe
3.2%
This country issues the ‘Twenty-One Demands’ to the Republic of China in a bid to increase its power in East Asia.
1915
Japan
81.3%
Vietnam
5.5%
India
5.5%
Thailand
6.4%
A Separation of Forces agreement is signed between the Israeli and Egyptian governments, ending conflict on the Egyptian front of this war.
1974
Yom Kippur War
69.4%
Gaza War
26.1%
Rif War
1.6%
Chaco War
1%
James Cook becomes the first known European to discover these islands, which he names the ‘Sandwich Islands’.
1778
Hawaiian Islands
66.1%
Galápagos Islands
23.8%
Austral Islands
6.3%
Matsu Islands
3.7%
The Metropolitan Opera House in New York holds this type of concert for the first time.
1944
Jazz
60%
Folk
2.2%
Rock and Roll
22.7%
Symphony
13.7%
President Ahmad Tejan Kabbah announces that the civil war in this West African nation is over.
2002
Sierra Leone
57.6%
Morocco
6.4%
Niger
11.9%
Angola
21.9%

You're not logged in!

Compare scores with friends on all Sporcle quizzes.
OR
Log In

Sporcle TV

Today on Sporcle TV


Watch our educational content, quiz creation guides, and fun videos on Sporcle TV.

Show Comments

Extras

Top Quizzes Today


Score Distribution

Your Account Isn't Verified!

In order to create a playlist on Sporcle, you need to verify the email address you used during registration. Go to your Sporcle Settings to finish the process.

Report this User

Report this user for behavior that violates our Community Guidelines.

Details: